[Event "22nd Abu Dhabi Masters"]
[Site "Abu Dhabi UAE"]
[Date "2015.08.30"]
[Round "8.46"]
[White "Ahmad,Al Khatib"]
[Black "Stopa,Ja"]
[Result "0-1"]
[BlackTitle "GM"]
[WhiteElo "2138"]
[BlackElo "2544"]
[WhiteFideId "8103178"]
[BlackFideId "1119591"]
[EventDate "2015.08.23"]

1. Nf3 e6 2. g3 b5 3. Bg2 Bb7 4. d3 Nf6 5. Nbd2 d5 6. O-O Be7 7. e4 O-O 8. e5
Nfd7 9. Re1 c5 10. Nf1 Nc6 11. h4 Qc7 12. Bf4 d4 13. N1h2 Nb4 14. Ng5 Bxg2 15.
Kxg2 c4 16. Qh5 Qc6+ 17. f3 Bxg5 18. hxg5 cxd3 19. Rac1 Rfc8 20. Ng4 dxc2 21.
Nf6+ gxf6 22. Rh1 Kf8 23. Qxh7 Ke8 24. g6 Kd8 25. Qxf7 Nd5 26. exf6 Nxf4+ 27.
gxf4 Kc7 28. g7 Kb6 29. Qg6 e5 30. Rh6 Ka5 31. f7 Qxg6+ 32. Rxg6 d3 33. Rd6 Nc5
34. fxe5 Ne6 35. g8=Q Rxg8+ 36. fxg8=Q Rxg8+ 37. Kf2 Nf4 38. Ke3 Ne2 39. Kxd3
Nxc1+ 40. Kxc2 Nxa2 41. f4 Rf8 42. Rf6 Rd8 43. e6 Nb4+ 44. Kc1 Ka4 45. Rh6 Nd3+
46. Kc2 Nb4+ 47. Kc1 Nd5 48. Rh3 Rf8 49. Rf3 b4 50. f5 Kb5 51. Kd2 Kc4 52. Ke2
Kd4 53. Kd2 Ke5 54. Kd3 Rxf5 55. Rxf5+ Kxf5 56. e7 Nxe7 57. Kc4 a5 58. Kb5 Nd5
59. Kxa5 Ke4 60. Ka4 Kd4 61. Kb5 Kd3 0-1

[Event "22nd Abu Dhabi Masters"]
[Site "Abu Dhabi UAE"]
[Date "2015.08.30"]
[Round "8.47"]
[White "Raja,H"]
[Black "Godbole,A"]
[Result "1-0"]
[WhiteElo "2247"]
[BlackElo "2061"]
[WhiteFideId "5089000"]
[BlackFideId "5059550"]
[EventDate "2015.08.23"]

1. e4 e5 2. f4 d5 3. exd5 exf4 4. Nf3 Nf6 5. Bc4 Nxd5 6. O-O Be6 7. Bb3 Be7 8.
d4 O-O 9. c4 Ne3 10. Bxe3 fxe3 11. h3 Nd7 12. Nc3 Nf6 13. Qd3 c6 14. Ng5 g6 15.
Nxe6 fxe6 16. Qxe3 Kg7 17. Ne2 Bd6 18. c5 Bc7 19. Nf4 Bxf4 20. Qxf4 Qd7 21. Qe5
Rad8 22. Rf4 Rde8 23. Raf1 Qe7 24. g4 h6 25. h4 1-0

[Event "22nd Abu Dhabi Masters"]
[Site "Abu Dhabi UAE"]
[Date "2015.08.30"]
[Round "8.48"]
[White "Sindarov,Javokhir"]
[Black "Galindo,Joseph"]
[Result "1-0"]
[WhiteTitle "CM"]
[WhiteElo "2198"]
[BlackElo "2064"]
[WhiteFideId "14205483"]
[BlackFideId "5208254"]
[EventDate "2015.08.23"]

1. e4 a6 2. Bc4 e6 3. d4 b5 4. Bd3 c5 5. c3 Bb7 6. Nf3 d6 7. O-O Nd7 8. a4 c4 9.
Bc2 Ngf6 10. Re1 e5 11. d5 Be7 12. Na3 Qb6 13. Be3 Nc5 14. Nh4 Nxd5 15. Bxc5
Qxc5 16. Nf5 Nf4 17. axb5 axb5 18. Nxb5 Rxa1 19. Qxa1 g6 20. Ne3 O-O 21. Na3 d5
22. exd5 Bxd5 23. Nxd5 Qxd5 24. Be4 Qc5 25. Qa2 Bh4 26. Rf1 Bxf2+ 27. Kh1 Rc8
28. g3 Qe3 29. Qb1 Nd3 30. Bg2 Be1 31. Bf3 e4 32. Bd1 Bxg3 33. hxg3 Qxg3 34. Qc2
Qh3+ 35. Kg1 Rc5 36. Qg2 Qe3+ 37. Kh1 Rg5 38. Nxc4 Nf2+ 39. Rxf2 Rxg2 40. Nxe3
Rxf2 41. b4 f5 42. Kg1 Rb2 43. Ba4 f4 44. Nd5 g5 45. Nf6+ Kg7 46. Nxe4 g4 47.
Nf2 h5 48. Nd3 Rb1+ 49. Kf2 f3 50. Bc2 Ra1 51. b5 Ra3 52. b6 Ra6 53. b7 Rb6 54.
Nc5 Kh6 55. Be4 h4 56. Nd7 Rb2+ 57. Kg1 h3 58. b8=Q h2+ 59. Qxh2+ 1-0

[Event "22nd Abu Dhabi Masters"]
[Site "Abu Dhabi UAE"]
[Date "2015.08.30"]
[Round "8.49"]
[White "Derakhshani,Borna"]
[Black "Ayyad,H"]
[Result "1/2-1/2"]
[WhiteTitle "CM"]
[BlackTitle "FM"]
[WhiteElo "2016"]
[BlackElo "2162"]
[WhiteFideId "12518450"]
[BlackFideId "11200243"]
[EventDate "2015.08.23"]

1. e4 e5 2. Nf3 Nc6 3. Bc4 Nf6 4. d3 Be7 5. c3 O-O 6. Nbd2 d6 7. O-O Na5 8. Bb5
a6 9. Ba4 b5 10. Bc2 c5 11. d4 cxd4 12. cxd4 Nc6 13. d5 Nb4 14. Bb1 a5 15. Re1
Bd7 16. Nf1 Qc7 17. Bd2 Rfc8 18. a3 Nc2 19. Bxc2 Qxc2 20. Qxc2 Rxc2 21. Bc3 Ng4
22. Ne3 Nxe3 23. Rxe3 Bg4 24. Kf1 Bxf3 25. Rxf3 Bd8 26. Re3 Rc8 27. Re2 Rxe2 28.
Kxe2 Kf8 29. Kd3 Ke8 30. a4 b4 31. Bd2 Bb6 32. f3 Kd7 33. Rc1 Bc5 34. Be3 Bxe3
35. Rxc8 Kxc8 36. Kxe3 Kb7 37. Kd3 Ka6 38. Kc4 Kb6 39. b3 g6 40. g4 f6 41. h3 h6
42. h4 Ka6 43. Kd3 Kb7 44. h5 g5 45. Kc4 Kb6 46. Kd3 Kc5 47. Ke3 Kb6 48. Ke2 Kb7
49. Kd3 Ka7 50. Kc4 Kb6 51. Kd3 Kc5 52. Ke3 Kb6 53. Kd3 Ka6 54. Kc4 Kb6 55. Kd3
Ka6 56. Kc4 Kb6 57. Kd3 Kc5 58. Ke2 Kd4 59. Kd2 Kc5 60. Ke3 Kb6 61. Kd3 Ka6 62.
Kc4 Kb6 63. Kd3 Kc5 64. Ke2 Kb6 65. Ke3 Ka6 66. Kd3 Kb6 67. Ke3 Ka6 68. Kd3 Kb6
69. Ke3 Kc7 70. Kd3 Kb7 71. Kc4 Ka6 72. Kd3 Kb6 73. Ke3 1/2-1/2

[Event "22nd Abu Dhabi Masters"]
[Site "Abu Dhabi UAE"]
[Date "2015.08.31"]
[Round "9.3"]
[White "Petrosian,TL"]
[Black "Jobava,Ba"]
[Result "0-1"]
[WhiteTitle "GM"]
[BlackTitle "GM"]
[WhiteElo "2623"]
[BlackElo "2664"]
[WhiteFideId "13301616"]
[BlackFideId "13601520"]
[EventDate "2015.08.23"]

1. Nf3 Nf6 2. g3 g6 3. Bg2 Bg7 4. O-O O-O 5. c4 d6 6. Nc3 e5 7. d3 c6 8. Bg5 Be6
9. Rb1 Nbd7 10. Nd2 a5 11. a3 h6 12. Bxf6 Nxf6 13. b4 axb4 14. axb4 d5 15. Qc2
Qe7 16. Rfc1 h5 17. b5 h4 18. bxc6 bxc6 19. Rb6 Rfc8 20. Rcb1 hxg3 21. hxg3 Ng4
22. e3 e4 23. dxe4 d4 24. Nd1 dxe3 25. Nxe3 Nxe3 26. fxe3 Be5 27. Nf1 Qc5 28.
R6b4 Kg7 29. Qf2 Ra3 30. Rb7 Qxc4 31. R1b4 Qa2 32. Qf3 Ra7 33. g4 c5 34. R4b6
Rxb7 35. Rxb7 c4 36. g5 c3 37. Rb5 c2 0-1

[Event "22nd Abu Dhabi Masters"]
[Site "Abu Dhabi UAE"]
[Date "2015.08.31"]
[Round "9.4"]
[White "Grandelius,N"]
[Black "Akopian,Vl"]
[Result "1-0"]
[WhiteTitle "GM"]
[BlackTitle "GM"]
[WhiteElo "2628"]
[BlackElo "2647"]
[WhiteFideId "1710400"]
[BlackFideId "13300032"]
[EventDate "2015.08.23"]

1. d4 d5 2. c4 c6 3. Nf3 Nf6 4. Nc3 dxc4 5. a4 Bf5 6. Ne5 Nbd7 7. Nxc4 Qc7 8. g3
e5 9. dxe5 Nxe5 10. Bf4 Nfd7 11. a5 f6 12. a6 b5 13. Ne3 Be6 14. Bg2 Rd8 15. O-O
Qb6 16. Qc2 Bb4 17. Na2 Bc5 18. b4 Bd4 19. Rad1 g5 20. Nf5 Bxf5 21. Qxf5 gxf4
22. gxf4 O-O 23. fxe5 Nxe5 24. e3 Bb2 25. Rxd8 Qxd8 26. Qc2 Nc4 27. Bxc6 Kh8 28.
Rd1 Rg8+ 29. Kh1 Qc8 30. Bd5 Rd8 31. Bb7 Rxd1+ 32. Qxd1 Qf5 33. Qd8+ Kg7 34.
Qe7+ Kg8 35. Qe8+ Kg7 36. Be4 Qe5 37. Qd7+ Kf8 38. Qxh7 Nd6 39. Bc6 Qe6 40. Qh8+
Kf7 41. Qh5+ Kg7 42. Bd5 Qc8 43. Qe2 Qf5 44. Bb3 Ba3 45. Kg1 Kh6 46. f3 Qg5+ 47.
Kf1 Nf5 48. f4 Qh4 49. Kg2 Nd6 50. Bc2 f5 51. Qf3 Qf6 52. Qd5 Nc4 53. Kf3 Qa1
54. Qe6+ Kg7 55. Qd7+ Kh6 56. Qe6+ Kg7 57. Qe7+ Kg8 58. Qg5+ Kh8 59. Qd8+ Kg7
60. Qd4+ Qxd4 61. exd4 Nd6 62. Ke3 Bb2 63. Bb3 Kg6 64. Bd1 Ne8 65. Bf3 Nc7 66.
Bb7 Kh5 67. Bc8 Nd5+ 68. Kf3 Ne7 69. Bd7 Bxd4 70. Bxb5 Kh4 71. Bf1 Nd5 72. b5
Ne3 73. Bd3 Kh3 74. Nc1 Kxh2 75. Ne2 Bb6 76. Ng3 Kh3 77. Bxf5+ Kh4 78. Bd7 Bd8
79. Be6 Bc7 80. Kxe3 Kxg3 81. f5 Bd8 82. Ke4 Kh4 83. f6 1-0

[Event "22nd Abu Dhabi Masters"]
[Site "Abu Dhabi UAE"]
[Date "2015.08.31"]
[Round "9.5"]
[White "Prohaszka,P2"]
[Black "Rakhmanov,Ale"]
[Result "1/2-1/2"]
[WhiteTitle "GM"]
[BlackTitle "GM"]
[WhiteElo "2602"]
[BlackElo "2620"]
[WhiteFideId "726265"]
[BlackFideId "4173708"]
[EventDate "2015.08.23"]

1. d4 Nf6 2. c4 g6 3. Nc3 Bg7 4. g3 c6 5. Bg2 d5 6. cxd5 cxd5 7. Nf3 O-O 8. Ne5
e6 9. O-O Bd7 10. Nxd7 Qxd7 11. b3 Rc8 12. Bb2 Nc6 13. Rc1 Ne8 14. e3 Nd6 15.
Qe2 Ne7 16. Na4 b6 17. Qa6 Rxc1 18. Rxc1 Rc8 19. Rxc8+ Nexc8 20. Nc3 h5 21. a4
Qc7 22. Qd3 Ne7 23. Ne2 Bf8 24. f3 Nc6 25. e4 Nb4 26. Qd2 Qc2 27. Qxc2 Nxc2 28.
exd5 exd5 29. f4 Ne4 30. Nc3 Ba3 31. Bxe4 1/2-1/2

[Event "22nd Abu Dhabi Masters"]
[Site "Abu Dhabi UAE"]
[Date "2015.08.31"]
[Round "9.6"]
[White "Sjugirov,S"]
[Black "Iturrizaga,E"]
[Result "1/2-1/2"]
[WhiteTitle "GM"]
[BlackTitle "GM"]
[WhiteElo "2664"]
[BlackElo "2625"]
[WhiteFideId "4189302"]
[BlackFideId "3901211"]
[EventDate "2015.08.23"]

1. e4 c5 2. Nf3 Nc6 3. d4 cxd4 4. Nxd4 g6 5. c4 Bg7 6. Be3 Nf6 7. Nc3 Ng4 8.
Qxg4 Nxd4 9. Qd1 Ne6 10. Qd2 Qa5 11. Rc1 b6 12. Be2 Bb7 13. f3 g5 14. O-O Be5
15. Rfd1 Rd8 16. a3 Bf4 17. Bxf4 gxf4 18. Nd5 Qxd2 19. Rxd2 h5 20. b4 h4 21. a4
h3 22. g3 fxg3 23. hxg3 Ng5 24. Nc7+ Kf8 25. Kh2 e6 26. Nb5 f5 27. Nd6 Ba8 28.
exf5 Bxf3 29. Rf1 Bxe2 30. Rxe2 Ke7 31. Ne4 Nxe4 32. Rxe4 Rh6 33. g4 Rg8 34. Rf2
Rh4 35. f6+ Kf7 36. Rd4 d5 37. cxd5 exd5 38. Rxd5 Rgxg4 39. Rd7+ Kf8 40. Rxa7
Rxb4 41. Rd2 Rbd4 42. Rxd4 Rxd4 43. Kxh3 Rf4 44. Ra6 Rxf6 45. a5 Rf3+ 46. Kg4
Ra3 47. Ra8+ Ke7 48. Ra7+ Kd6 49. axb6 Rb3 1/2-1/2

[Event "22nd Abu Dhabi Masters"]
[Site "Abu Dhabi UAE"]
[Date "2015.08.31"]
[Round "9.7"]
[White "Jones,G"]
[Black "Nevednichy,V"]
[Result "1-0"]
[WhiteTitle "GM"]
[BlackTitle "GM"]
[WhiteElo "2647"]
[BlackElo "2549"]
[WhiteFideId "409561"]
[BlackFideId "1205730"]
[EventDate "2015.08.23"]

1. e4 e6 2. d4 d5 3. Nd2 c5 4. Ngf3 cxd4 5. Nxd4 Nc6 6. Bb5 Bd7 7. Nxc6 bxc6 8.
Bd3 Bd6 9. Qe2 Ne7 10. e5 Bc7 11. O-O Qb8 12. Nf3 Ng6 13. Re1 a5 14. c4 a4 15.
Bd2 Ra7 16. g3 Rb7 17. Bc3 Ne7 18. c5 Qa7 19. b4 axb3 20. axb3 Qb8 21. Bc2 h6
22. Ra4 Ra7 23. Rea1 Rxa4 24. Rxa4 Bd8 25. Qe3 Bc8 26. h4 Qb7 27. h5 Bd7 28. Rg4
Kf8 29. Rb4 Qc8 30. Ra4 Nf5 31. Qc1 Be7 32. Bxf5 exf5 33. Qa1 Be8 34. Ra8 Qb7
35. e6 Bf6 36. Bxf6 gxf6 37. Ra7 1-0

[Event "22nd Abu Dhabi Masters"]
[Site "Abu Dhabi UAE"]
[Date "2015.08.31"]
[Round "9.8"]
[White "Debashis,D"]
[Black "Gupta,Ab"]
[Result "0-1"]
[WhiteTitle "GM"]
[BlackTitle "GM"]
[WhiteElo "2489"]
[BlackElo "2619"]
[WhiteFideId "5024854"]
[BlackFideId "5010608"]
[EventDate "2015.08.23"]

1. e4 c5 2. Nf3 d6 3. d4 cxd4 4. Nxd4 Nf6 5. Nc3 Nc6 6. Bg5 e6 7. Qd2 a6 8. Nxc6
bxc6 9. O-O-O Be7 10. Bxf6 gxf6 11. Bc4 Qa5 12. Rhe1 Rb8 13. f4 h5 14. Bb3 Qc5
15. f5 e5 16. Kb1 Rb4 17. Qe2 Rd4 18. Na4 Qb5 19. c4 Qb4 20. Rc1 Bf8 21. Red1 h4
22. Rc3 Bh6 23. Rcd3 c5 24. Nc3 Bb7 25. Rh3 Bg5 26. g3 Ke7 27. gxh4 Bf4 28. h5
Bh6 29. Bc2 Rc8 30. Rxd4 cxd4 31. Nd5+ Bxd5 32. cxd5 Kf8 33. a3 Qc5 34. Rb3 a5
35. h4 Qc7 36. Qd3 Be3 37. Rb5 Rb8 38. Rxb8+ Qxb8 39. Qa6 Bd2 40. Bd3 Kg7 41.
Qb5 Qh8 42. Be2 Qh6 43. Qd3 Be1 44. Kc2 Qf4 45. Kb3 Qc1 46. Qc2 a4+ 0-1

[Event "22nd Abu Dhabi Masters"]
[Site "Abu Dhabi UAE"]
[Date "2015.08.31"]
[Round "9.9"]
[White "Salem,AR"]
[Black "Gopal,G"]
[Result "1-0"]
[WhiteTitle "GM"]
[BlackTitle "GM"]
[WhiteElo "2595"]
[BlackElo "2562"]
[WhiteFideId "9301348"]
[BlackFideId "5015693"]
[EventDate "2015.08.23"]

1. d4 Nf6 2. c4 g6 3. Nc3 d5 4. cxd5 Nxd5 5. e4 Nxc3 6. bxc3 Bg7 7. Be3 c5 8.
Rc1 Qa5 9. Qd2 O-O 10. Nf3 Rd8 11. d5 e6 12. Bg5 f6 13. Be3 Nc6 14. Bd3 b6 15.
O-O Ba6 16. Be2 Qa4 17. c4 Na5 18. Qd3 Rac8 19. Nd2 Nc6 20. Qb3 Qxb3 21. Nxb3
exd5 22. exd5 Ne5 23. Rfe1 f5 24. a4 Nf7 25. Nd2 Nd6 26. Bf4 Bf8 27. g4 Re8 28.
h3 Rcd8 29. gxf5 Nxf5 30. Bg4 Bh6 31. Bxh6 Nxh6 32. Ne4 Kg7 33. a5 Nf7 34. f4
Bxc4 35. Rxc4 Nd6 36. Nxd6 Rxe1+ 37. Kf2 Rb1 38. Ne4 Rxd5 39. axb6 Rxb6 40. Nxc5
a5 41. Ne6+ Kf6 42. Nf8 Kg7 43. Ne6+ Kf6 44. Ng5 1-0

[Event "22nd Abu Dhabi Masters"]
[Site "Abu Dhabi UAE"]
[Date "2015.08.31"]
[Round "9.12"]
[White "Sadzikowski,D"]
[Black "Vovk,Y"]
[Result "1-0"]
[WhiteTitle "IM"]
[BlackTitle "GM"]
[WhiteElo "2480"]
[BlackElo "2624"]
[WhiteFideId "1132253"]
[BlackFideId "14113171"]
[EventDate "2015.08.23"]

1. e4 c5 2. Nf3 d6 3. d4 cxd4 4. Nxd4 Nf6 5. Nc3 a6 6. Be2 e6 7. O-O Be7 8. f4
O-O 9. Be3 Qc7 10. g4 d5 11. exd5 Nxd5 12. Nxd5 exd5 13. Bf3 Nc6 14. c3 Re8 15.
Qd2 Bd7 16. g5 Bc5 17. Rfe1 Qd6 18. Rad1 h6 19. h4 Ne7 20. h5 hxg5 21. fxg5 Nc6
22. Qg2 Re5 23. Bf2 Rae8 24. Rxe5 Nxe5 25. Bxd5 Bg4 26. Re1 Bxh5 27. Bxb7 Rb8
28. b4 Bxd4 29. Bxd4 Nd3 30. Re3 Nf4 31. Qe4 Rd8 32. Qe5 Ne6 33. Qxd6 Rxd6 34.
Re5 Nxd4 35. cxd4 Rxd4 36. a3 Rd6 37. Kf2 Rb6 38. Bc8 f6 39. Ra5 fxg5 40. Rxa6
Rxa6 41. Bxa6 Kf8 42. a4 Ke7 43. Be2 Be8 44. a5 Kd6 45. b5 Kc7 46. Ke3 Bd7 47.
Kd4 g4 48. Kc5 g3 49. Bf1 Bc8 50. a6 Bb7 51. axb7 g5 52. Bg2 g4 53. b8=Q+ 1-0

[Event "22nd Abu Dhabi Masters"]
[Site "Abu Dhabi UAE"]
[Date "2015.08.31"]
[Round "9.13"]
[White "Onischuk,V"]
[Black "Bulmaga,I"]
[Result "1-0"]
[WhiteTitle "GM"]
[BlackTitle "IM"]
[WhiteElo "2618"]
[BlackElo "2393"]
[WhiteFideId "14114038"]
[BlackFideId "13903063"]
[EventDate "2015.08.23"]

1. e4 c5 2. Nf3 d6 3. d4 cxd4 4. Nxd4 Nf6 5. Nc3 a6 6. a4 e5 7. Nf3 Be7 8. Bc4
O-O 9. O-O Be6 10. Qe2 Qc7 11. Bb3 Nc6 12. Bg5 Rac8 13. Rfd1 Na5 14. Ba2 Nc4 15.
Bxf6 Bxf6 16. Nd5 Bxd5 17. Rxd5 Nxb2 18. Bb3 Nc4 19. a5 h6 20. g3 Bd8 21. h4 Be7
22. Kg2 Kh8 23. Nh2 Bd8 24. Ng4 Qc6 25. Ba4 Qc7 26. Bb3 Qc6 27. Qd3 Be7 28. Kg1
Nb2 29. Qe2 Qc3 30. Ra2 f5 31. exf5 e4 32. Qxe4 h5 33. f6 1-0

[Event "22nd Abu Dhabi Masters"]
[Site "Abu Dhabi UAE"]
[Date "2015.08.31"]
[Round "9.14"]
[White "Kulaots,K"]
[Black "Ghaem Maghami,E"]
[Result "1/2-1/2"]
[WhiteTitle "GM"]
[BlackTitle "GM"]
[WhiteElo "2573"]
[BlackElo "2609"]
[WhiteFideId "4500261"]
[BlackFideId "12500739"]
[EventDate "2015.08.23"]

1. d4 Nf6 2. c4 g6 3. Nc3 d5 4. cxd5 Nxd5 5. Bd2 Nb6 6. Nf3 Bg7 7. Bf4 O-O 8. e3
c5 9. dxc5 Bxc3+ 10. bxc3 Qxd1+ 11. Rxd1 N6d7 1/2-1/2

[Event "22nd Abu Dhabi Masters"]
[Site "Abu Dhabi UAE"]
[Date "2015.08.31"]
[Round "9.15"]
[White "Papp,Ga"]
[Black "Pascua,H"]
[Result "1/2-1/2"]
[WhiteTitle "GM"]
[BlackTitle "IM"]
[WhiteElo "2601"]
[BlackElo "2447"]
[WhiteFideId "718602"]
[BlackFideId "5203953"]
[EventDate "2015.08.23"]

1. e4 c5 2. Nf3 Nc6 3. c3 Nf6 4. e5 Nd5 5. Bc4 Nb6 6. Bb3 d6 7. exd6 Qxd6 8. O-O
Be6 9. Re1 Bxb3 10. axb3 e6 11. Na3 Be7 12. d4 cxd4 13. Nb5 Qd7 14. Nfxd4 Nxd4
15. Nxd4 O-O 16. Qg4 Bf6 17. Rd1 Qe7 18. Nb5 a6 19. Nd6 Be5 20. Nc4 Nxc4 21.
bxc4 Qc7 22. h3 Rac8 23. Qf3 h6 24. Be3 Qxc4 25. Qxb7 Rc6 26. Rd7 Bc7 27. Rd4
Qb5 28. Rb4 Qd5 29. Rd4 Qb5 30. Qxb5 axb5 31. Rd7 Rc8 32. Ra7 Kf8 33. Rb7 Ke8
34. Rd1 Rb8 35. Rxb8+ Bxb8 36. Ra1 Bd6 37. Ra8+ Ke7 38. g4 Bc5 39. Bxc5+ Rxc5
40. Ra7+ Kf6 41. Rb7 h5 42. Kg2 hxg4 43. hxg4 g5 44. Kf3 Re5 45. Rc7 Kg6 46. b4
f5 47. gxf5+ Kxf5 48. Rf7+ Kg6 49. Rd7 Kf5 50. Rd8 Rd5 51. Rf8+ Ke5 52. Kg4 Ke4
53. Rc8 Rf5 54. Kg3 Kd3 55. Rc5 Ke4 56. Rc6 Kd3 57. f3 Rf4 58. Rc5 Rf5 59. Kg2
Rd5 60. Kf2 Rf5 61. Kg3 Rd5 62. Kg4 Rf5 63. Rc6 Rf4+ 64. Kg3 Rf5 65. Rc8 Rd5 66.
Rc6 Rf5 67. Rc7 Rd5 68. Rc8 Re5 69. Rc5 Rf5 70. Kg4 Rf4+ 71. Kxg5 Rxf3 72. Rxb5
Kxc3 73. Rb8 Rf5+ 74. Kg4 1/2-1/2

[Event "22nd Abu Dhabi Masters"]
[Site "Abu Dhabi UAE"]
[Date "2015.08.31"]
[Round "9.16"]
[White "Gabuzyan,H"]
[Black "Vaibhav,S"]
[Result "0-1"]
[WhiteTitle "GM"]
[BlackTitle "GM"]
[WhiteElo "2593"]
[BlackElo "2552"]
[WhiteFideId "13303732"]
[BlackFideId "5045185"]
[EventDate "2015.08.23"]

1. c4 e5 2. g3 Nf6 3. Bg2 d5 4. cxd5 Nxd5 5. Nc3 Nb6 6. d3 Be7 7. Be3 O-O 8. Rc1
Re8 9. Qd2 Bf8 10. Nf3 Nc6 11. O-O Nd4 12. Bxd4 exd4 13. Nb5 c5 14. b4 Bd7 15.
bxc5 Bxb5 16. cxb6 axb6 17. Qf4 Bd6 18. Qxd4 Rxe2 19. Qg4 Bd7 20. Qh5 g6 21. Qh6
Ra5 22. Rb1 Rh5 23. Qc1 Rxa2 24. d4 b5 25. Re1 Qf6 26. Ra1 Rxa1 27. Qxa1 Bc6 28.
Ne5 Bxg2 29. Kxg2 Qe6 30. h4 Kg7 31. Kg1 Qd5 32. Ng4 b4 33. Re8 Qf3 34. Nh2 Qa3
35. Ra8 Qxa1+ 36. Rxa1 Rb5 37. Rb1 Kf6 38. Kf1 Ke6 39. Ng4 Kd5 40. Rd1 Kc4 41.
Ne3+ Kc3 42. Rc1+ Kxd4 43. Ke2 b3 44. f4 Rb4 45. Rd1+ Kc5 46. Rc1+ Kd4 47. Rd1+
Kc5 48. Rc1+ Kb5 49. Rb1 Bc5 50. Nd1 Bd4 51. Kd3 b2 52. Kc2 Kc4 0-1

[Event "22nd Abu Dhabi Masters"]
[Site "Abu Dhabi UAE"]
[Date "2015.08.31"]
[Round "9.18"]
[White "Sagar,S"]
[Black "Kuzubov,Y"]
[Result "0-1"]
[WhiteTitle "IM"]
[BlackTitle "GM"]
[WhiteElo "2456"]
[BlackElo "2638"]
[WhiteFideId "5022509"]
[BlackFideId "14112906"]
[EventDate "2015.08.23"]

1. c4 g6 2. Nc3 Bg7 3. d4 d6 4. e4 Nc6 5. Be3 e5 6. d5 Nd4 7. Nge2 Nxe2 8. Bxe2
f5 9. exf5 gxf5 10. Bh5+ Kf8 11. f4 e4 12. O-O Nf6 13. Be2 Bd7 14. c5 h5 15.
cxd6 cxd6 16. Qb3 Ng4 17. Bxg4 hxg4 18. g3 Qa5 19. Rad1 Ke7 20. Bd4 Bxd4+ 21.
Rxd4 Rac8 22. a4 Rc7 23. Qb4 Qc5 24. Kg2 b6 25. Rfd1 a5 26. Qb3 Rb8 27. Nb5 Bxb5
28. axb5 Qc2+ 29. Qxc2 Rxc2+ 30. R1d2 Rbc8 31. Kf2 R2c5 32. Kg2 Rxb5 33. h3
gxh3+ 34. Kxh3 Rb3 35. Kg2 Rg8 36. Rc4 Rbxg3+ 37. Kf1 Rg1+ 0-1

[Event "22nd Abu Dhabi Masters"]
[Site "Abu Dhabi UAE"]
[Date "2015.08.31"]
[Round "9.19"]
[White "Kovchan,A"]
[Black "Asgarizadeh,A"]
[Result "1-0"]
[WhiteTitle "GM"]
[BlackTitle "IM"]
[WhiteElo "2605"]
[BlackElo "2407"]
[WhiteFideId "14103052"]
[BlackFideId "12505684"]
[EventDate "2015.08.23"]

1. e4 e5 2. Nf3 Nc6 3. Nc3 Nf6 4. d4 exd4 5. Nxd4 Bb4 6. Nxc6 bxc6 7. Bd3 d5 8.
exd5 O-O 9. O-O cxd5 10. Bg5 c6 11. Qf3 h6 12. Bf4 Re8 13. h3 Be6 14. Ne2 Bc5
15. Rad1 a5 16. a4 Ra7 17. b3 Bc8 18. Ng3 Bd6 19. Be3 Ra8 20. Rfe1 Nd7 21. Bd4
Ne5 22. Qf4 Qc7 23. c4 Bg4 24. hxg4 Nxd3 25. Rxe8+ Rxe8 26. Qf3 Bxg3 27. Qxd3
Be5 28. cxd5 cxd5 29. Qb5 Rb8 30. Bxe5 Qxe5 31. Qxd5 Qc3 32. Rb1 Re8 33. Qf3 Qb4
34. Rd1 Rb8 35. Rd3 Qe7 36. g3 Qb4 37. Kg2 Qb6 38. Rd5 Qb4 39. Rd7 f6 40. Qf5
Kh8 41. Qg6 Rg8 42. Rd3 Qb7+ 43. Kh2 Qb6 44. Re3 Qb4 45. Qf5 Rd8 46. Qg6 Rg8 47.
Qh5 Kh7 48. Qf5+ Kh8 49. Qd7 Kh7 50. Kh3 Rb8 51. Re7 Rg8 52. Qe6 Qd4 53. Qf5+
Kh8 54. Rb7 Re8 55. Rb5 Qc3 56. Kg2 Rd8 57. Qf3 Qe1 58. Qe3 Qb1 59. Rxa5 Rd1 60.
Ra8+ Kh7 61. Qf3 Rg1+ 62. Kh2 Rf1 63. a5 f5 64. Qxf5+ Qxf5 65. gxf5 Rxf2+ 66.
Kh3 Rxf5 67. a6 1-0

[Event "22nd Abu Dhabi Masters"]
[Site "Abu Dhabi UAE"]
[Date "2015.08.31"]
[Round "9.20"]
[White "Sumets,A"]
[Black "Rohan,A"]
[Result "1/2-1/2"]
[WhiteTitle "GM"]
[BlackTitle "FM"]
[WhiteElo "2596"]
[BlackElo "2389"]
[WhiteFideId "14105500"]
[BlackFideId "5090598"]
[EventDate "2015.08.23"]

1. d4 Nf6 2. c4 g6 3. Nc3 d5 4. Bg5 Ne4 5. Bh4 Nxc3 6. bxc3 dxc4 7. e3 Be6 8.
Qb1 Qd5 9. Nf3 Qa5 10. Qb2 Nd7 11. Be2 Bg7 12. O-O Nb6 13. a4 Rc8 14. Qb5+ Qxb5
15. axb5 Ra8 16. Nd2 f5 17. Ra3 Bd5 18. Rfa1 e5 19. dxe5 Bxe5 20. Bf3 Bxf3 21.
Nxf3 Bd6 22. Rxa7 Rxa7 23. Rxa7 Kd7 24. Bf6 Rb8 25. Kf1 Bc5 26. Bd4 Bxd4 27.
cxd4 Nc8 28. Ra4 Nd6 29. Ne5+ Ke6 30. Nxc4 Nxb5 31. Ra5 Nd6 32. Ne5 c6 33. Ke2
Rc8 34. Nd3 Ke7 35. Nc5 Kd8 36. Ra7 Kc7 37. Kd3 Re8 38. f3 Kb6 39. Ra4 Nb5 40.
h4 Kc7 41. Ra1 b6 42. Nb3 Rd8 43. h5 Rd6 44. Rh1 g5 45. g4 fxg4 46. fxg4 Rf6 47.
Nd2 Nd6 48. Ne4 Nxe4 49. Kxe4 Kd6 50. Ra1 Re6+ 51. Kf5 Rxe3 52. Kxg5 Re7 53. Kf6
Re6+ 54. Kf5 Re7 55. g5 Rf7+ 56. Ke4 Re7+ 57. Kd3 Rg7 58. Rg1 Kd5 59. g6 hxg6
60. h6 Rg8 61. h7 Rh8 62. Rg5+ Kd6 63. Rxg6+ Kd5 64. Rh6 c5 65. Rh5+ Kd6 66. d5
b5 67. Kc3 Ke7 68. Rh6 Kd7 69. Kd3 Kc7 70. Ke4 Kd7 71. Ke5 c4 72. Kd4 Kc7 73.
Kc3 Kb7 74. Kb4 Kc7 75. Rh3 Kd6 76. Rh5 Kc7 77. Rh6 Kb7 78. Kxb5 c3 79. Rh2 1/2-1/2

[Event "22nd Abu Dhabi Masters"]
[Site "Abu Dhabi UAE"]
[Date "2015.08.31"]
[Round "9.22"]
[White "Czebe,A"]
[Black "Belous,V"]
[Result "1-0"]
[WhiteTitle "GM"]
[BlackTitle "GM"]
[WhiteElo "2439"]
[BlackElo "2566"]
[WhiteFideId "705268"]
[BlackFideId "4174003"]
[EventDate "2015.08.23"]

1. d4 Nf6 2. g3 g6 3. Bg2 Bg7 4. e4 d6 5. Ne2 O-O 6. O-O Nbd7 7. h3 a6 8. a4 e5
9. Nbc3 Re8 10. a5 Rb8 11. Re1 b5 12. axb6 cxb6 13. b3 b5 14. Bb2 Bb7 15. d5 Nc5
16. Nc1 Qc7 17. Nd3 Rec8 18. Qd2 h5 19. Re2 Kh7 20. h4 Bh6 21. Qe1 Qb6 22. Nd1
Ncxe4 23. Bxe4 Nxe4 24. Rxe4 Bxd5 25. Nb4 Bb7 26. Nc3 Rxc3 27. Bxc3 Rc8 28. Bd4
Qc7 29. Bxe5 dxe5 30. Rxe5 Bf8 31. Nd5 Qxc2 32. Rd1 Bc5 33. Qe2 Qxb3 34. Rxh5+
Kg8 35. Rg5 Kf8 36. Rd3 Qb1+ 37. Rd1 Qb3 38. Kh2 Re8 39. Re5 Rd8 40. Rd3 Qb1 41.
Qd2 Kg8 42. Qh6 1-0

[Event "22nd Abu Dhabi Masters"]
[Site "Abu Dhabi UAE"]
[Date "2015.08.31"]
[Round "9.24"]
[White "Nezad,H"]
[Black "Timofeev,Arty"]
[Result "1/2-1/2"]
[WhiteTitle "IM"]
[BlackTitle "GM"]
[WhiteElo "2404"]
[BlackElo "2542"]
[WhiteFideId "12100293"]
[BlackFideId "4140419"]
[EventDate "2015.08.23"]

1. d4 Nf6 2. c4 g6 3. Nc3 d5 4. Bg5 Ne4 5. Bh4 Nxc3 6. bxc3 dxc4 7. e3 Be6 8.
Be2 Bg7 9. Nh3 Bxh3 10. gxh3 Nd7 11. Qa4 Bf6 12. Bg3 c6 13. Qxc4 h5 14. h4 e6
15. Qb3 Nb6 16. a4 Bxh4 17. a5 Bxg3 18. axb6 Bd6 19. Rxa7 Rb8 20. c4 e5 21. c5
Be7 22. Bc4 O-O 23. Rg1 Kg7 24. Qd3 f5 25. Kf1 Kh6 26. Kg2 Bf6 27. d5 e4 28. Qd1
cxd5 29. Qxd5 Be7 30. Qxd8 Bxd8 31. Rc1 Rc8 32. Rxb7 Rxc5 33. Rb8 Be7 34. Rxf8
Bxf8 35. b7 Bd6 36. Rd1 Rxc4 37. Rxd6 Rb4 38. Rd7 g5 39. Rd6+ Kg7 40. Rd5 Kf6
41. Rd6+ Ke5 42. Rg6 g4 1/2-1/2